Movies Quiz

Random Movies or Oscar Quiz

Oscar nominated roles-actress Quiz Stats

 Plays Quiz not verified by Sporcle

Score 0/36 Timer 10:00
0 Plays Today
role actress % Correct
Louise SawyerSusan Sarandon
95.4%
Maria Von TrappJulie Andrews
88.9%
Carrie WhiteSissy Spacek
88%
Celie HarrisWhoopi Goldberg
88%
Roxie HartRenee Zellweger
88%
Tracy LordKatherine Hepburn
87%
Bonnie ParkerFaye Dunaway
87%
Karen SilkwoodMeryl Streep
87%
Elizabeth ICate Blanchett
85.2%
Mrs RobinsonAnne Bancroft
84.3%
Judy BenjaminGoldie Hawn
83.3%
Regina GibbonsBette Davis
82.4%
Fran KubelikShirley MacLaine
80.6%
Dian FosseySigourney Weaver
80.6%
Tina TurnerAngela Bassett
80.6%
Emma Greenway HortonDebra Winger
76.9%
Jo MarchWinona Ryder
73.1%
Norma DesmondGloria Swanson
68.5%
role actress % Correct
Rose Dewitt BukaterKate Winslet
67.6%
Queen VictoriaJudi Dench
66.7%
Claireece 'Precious' JonesGabourey Sidibe
66.7%
Esther BlodgettJanet Gaynor
62%
Anna LoenowensDeborah Kerr
60.2%
Billie HolidayDiana Ross
57.4%
Mame DennisRosalind Russell
55.6%
Sister Mary BenedictIngrid Bergman
54.6%
Eve HarringtonAnne Baxter
51.9%
Lillian HellmanJane Fonda
51.9%
The second Mrs De WinterJoan Fontaine
49.1%
Molly BrownDebbie Reynolds
48.1%
Anna ChristieGreta Garbo
43.5%
Kirsten Arneson ClayLee Remick
43.5%
Eleanor TwitchellTeresa Wright
36.1%
Elizabeth BarrettNorma Shearer
28.7%
Eliza DoolittleWendy Hiller
28.7%
Apple AnnieMay Robson
16.7%

You're not logged in!

Compare scores with friends on all Sporcle quizzes.
OR
Log In

Show Comments

Extras

Top Quizzes Today


Score Distribution

Your Account Isn't Verified!

In order to create a playlist on Sporcle, you need to verify the email address you used during registration. Go to your Sporcle Settings to finish the process.

Report this User

Report this user for behavior that violates our Community Guidelines.

Details: